000 00798nam a2200277 i 4500
001 bg
003 BPK
005 20190719115238.0
008 021108s2002 pl a f f |001 0 pol
015 _aPB 2002/18225
020 _a8391759601
040 _aWA N
_cBPK
041 0 _apol
080 _a51
080 _a(075.8)
100 1 _aLassak, Marek
_d(1948- ).
245 1 0 _aMatematyka dla studiów technicznych /
_cMarek Lassak.
250 _aWyd. 5.
260 _aBydgoszcz :
_b"Supremum",
_c2002.
300 _a207 s. :
_bil. ;
_c25 cm.
504 _aIndeks.
650 4 _aMatematyka
_xszkoły wyższe.
655 4 _aPodręczniki akademickie
942 _2UKD
_cKS
856 _uhttp://koha.tu.koszalin.pl/cgi-bin/koha/opac-detail.pl?biblionumber=42387
_yKatalog online BPK
999 _c42387
_d42387